00708nam a2200181 a 4500003000200000005001700002008004100019050003500060100003000095245005800125260011000183300003900293504004100332650003900373650003400412650004900446650003100495020250303132143.0120723s19uu xx 00 eng d aPGS LB 1139.5.G67b.R175 2012  aRamos, Lawrence Xavier M. aGender and social skills /cLawrence Xavier M. Ramos. aLas Pinas City : Las Piñas City, Philippines : bSouthville International School and Colleges, c2012. a26 pagesbillustrations ; c28 cm. aIncludes bibliographical references. aSocial skillsvGender differences. aChildrenvSocial development. aInterpersonal relationsvGender differences. aStudentsvSocial behavior.